000 00311nam a2200109Ia 4500
005 20251222114401.0
008 251222s1900||||xx |||||||||||||| ||spa||
082 _aDVD0091/B24/1992
245 0 _aLa vida humana: ¡Primera maravilla!
264 _bBarocchi, Lucía. Centro Documentazione via Cavour.
942 _cDVD
999 _c1622
_d1622